Online Catalogue and eLibrary

Against all odds : (Record no. 1309)

MARC details
000 -LEADER
fixed length control field 00531nam a2200193Ia 4500
005 - DATE AND TIME OF LATEST TRANSACTION
control field 20240715051546.0
008 - FIXED-LENGTH DATA ELEMENTS--GENERAL INFORMATION
fixed length control field 240331s9999 xx 000 0 und d
020 ## - INTERNATIONAL STANDARD BOOK NUMBER
ISBN 8185107742
082 ## - DDC Classification
Class No. 200.042
Item Number - Author Mark AGA.
245 #0 - TITLE STATEMENT
Title Against all odds :
Remainder of title essays on women, religion anddevelopment from India and Pakistan
260 ## - PUBLICATION, DISTRIBUTION, ETC.
Place of publication, distribution, etc. New Delhi
Name of publisher, distributor, etc. Kali for women
Date of publication, distribution, etc. 1994
300 ## - PHYSICAL DESCRIPTION
Extent (e.g. Volumes, Pages etc.) ix, 194 p .,
650 ## - SUBJECT ADDED ENTRY--TOPICAL TERM
Topical term or geographic name entry element Woman
650 ## - SUBJECT ADDED ENTRY--TOPICAL TERM
Topical term or geographic name entry element Religion
650 ## - SUBJECT ADDED ENTRY--TOPICAL TERM
Topical term or geographic name entry element Development
700 ## - ADDED ENTRY--PERSONAL NAME
Personal name bhasin, Kamla
Relator term (Role) Editor
700 ## - ADDED ENTRY--PERSONAL NAME
Personal name Menon, Ritu
Relator term (Role) Editor
942 ## - Koha item type (Biblio)
Koha item type Books in Stacks (Lending)
Holdings
Lost status Damaged status Collection code Home library Current library Shelving location Date acquired Full call number Accession Number Item type
    Lending WERC Library WERC Library Social Science Cupboard 03/31/2024 Bhasin, K. ed 3555 Books in Stacks (Lending)

© WERC Library